[Event "Benasque op 40th"]
[Site "Benasque"]
[Date "2021.07.08"]
[Round "4"]
[White "Loiseau, Quentin"]
[Black "Forcen Esteban, Daniel"]
[Result "0-1"]
[WhiteElo "2459"]
[BlackElo "2566"]
[PlyCount "74"]
[EventDate "2021.07.05"]
[EventType "swiss"]
[EventRounds "10"]
[EventCountry "ESP"]
[SourceTitle "CBM 203 Extra"]
[Source "ChessBase"]
[SourceDate "2021.09.30"]
[SourceVersion "1"]
[SourceVersionDate "2021.09.30"]
[SourceQuality "1"]

1. d4 e6 2. c4 Nf6 3. Nf3 c5 4. d5 d6 5. Nc3 exd5 6. cxd5 g6 7. Bf4 Bg7 8. Qa4+ Bd7 9. Qb3 b5 10. Bxd6 Qb6 11. Be5 0-0 12. e3 c4 13. Qd1 b4 14. Ne2 Bb5 15. Nf4 Nbd7 16. Bd4 Qb7 17. Rc1 Rac8 18. Be2 Rfd8 19. 0-0 Nb6 20. b3 Nfxd5 21. Nxd5 Rxd5 22. bxc4 Bxc4 23. Bxc4 Rxc4 24. Qb3 Bxd4 25. Nxd4 Rg5 26. g3 Rgc5 27. Rxc4 Nxc4 28. Rd1 Ne5 29. a3 a5 30. axb4 axb4 31. Qa4 Rc8 32. Rb1 Rb8 33. h4 h5 34. Qa5 Qe4 35. Rxb4 Ra8 36. Nc2 Nf3+ 37. Kh1 Nd4+ 0-1

[Event "Benasque op 40th"]
[Site "Benasque"]
[Date "2021.07.05"]
[Round "1"]
[White "Forcen Esteban, Daniel"]
[Black "Gonzalvez Tamarit, Ivan"]
[Result "1-0"]
[WhiteElo "2566"]
[BlackElo "1935"]
[PlyCount "39"]
[EventDate "2021.07.05"]
[EventType "swiss"]
[EventRounds "10"]
[EventCountry "ESP"]
[SourceTitle "CBM 203 Extra"]
[Source "ChessBase"]
[SourceDate "2021.09.30"]
[SourceVersion "1"]
[SourceVersionDate "2021.09.30"]
[SourceQuality "1"]

1. e4 c6 2. d4 d5 3. exd5 cxd5 4. c4 Nf6 5. Nc3 g6 6. Bg5 Bg7 7. Bxf6 Bxf6 8. cxd5 0-0 9. Bc4 Qb6 10. Nge2 Qxb2 11. Rb1 Qa3 12. h4 h5 13. Ne4 Qa5+ 14. Kf1 Bg7 15. N2g3 Qc7 16. Rc1 Qf4 17. Rc3 Bg4 18. f3 Nd7 19. Ne2 Qf5 20. Nf2 1-0

[Event "Aragon-chT Honor Titulo"]
[Site "Aragon"]
[Date "2021.06.05"]
[Round "10.1"]
[White "Forcen Esteban, Daniel"]
[Black "Adla, Diego Gustavo"]
[Result "1-0"]
[WhiteElo "2558"]
[BlackElo "2425"]
[PlyCount "69"]
[EventDate "2021.05.15"]
[EventType "team-tourn"]
[EventRounds "10"]
[EventCountry "ESP"]
[SourceTitle "EXT 2024"]
[Source "ChessBase"]
[SourceDate "2023.10.10"]
[SourceVersion "1"]
[SourceVersionDate "2023.10.10"]
[SourceQuality "1"]
[WhiteTeam "Jaime Casas"]
[BlackTeam "Casablanca MyInvestor"]
[WhiteTeamCountry "ESP"]
[BlackTeamCountry "ESP"]

1. d4 Nf6 2. c4 e6 3. Nf3 b6 4. a3 Ba6 5. Qc2 Bb7 6. Nc3 c5 7. e4 cxd4 8. Nxd4 Bc5 9. Nb3 Nc6 10. Bf4 Nh5 11. Nxc5 bxc5 12. Be3 Nd4 13. Qd1 0-0 14. Bxd4 cxd4 15. Qxd4 f5 16. e5 Qg5 17. h4 Qh6 18. Rg1 d6 19. exd6 e5 20. Qd2 f4 21. g4 fxg3 22. fxg3 Qg6 23. 0-0-0 Nxg3 24. Bd3 e4 25. Bc2 Rf3 26. d7 Rd8 27. Nd5 Kh8 28. Kb1 Qg4 29. Qa5 Qxh4 30. Qc7 Bxd5 31. Rxd5 e3 32. Re5 e2 33. Re8+ Rf8 34. Qe5 h6 35. Rxg3 1-0

[Event "Aragon-chT Honor Titulo"]
[Site "Aragon"]
[Date "2021.05.15"]
[Round "8.5"]
[White "Del Rey, Diego"]
[Black "Forcen Esteban, Daniel"]
[Result "0-1"]
[WhiteElo "2383"]
[BlackElo "2558"]
[PlyCount "78"]
[EventDate "2021.05.15"]
[EventType "team-tourn"]
[EventRounds "10"]
[EventCountry "ESP"]
[SourceTitle "EXT 2024"]
[Source "ChessBase"]
[SourceDate "2023.10.10"]
[SourceVersion "1"]
[SourceVersionDate "2023.10.10"]
[SourceQuality "1"]
[WhiteTeam "El Olivar"]
[BlackTeam "Jaime Casas"]
[WhiteTeamCountry "ESP"]
[BlackTeamCountry "ESP"]

1. e4 g6 2. d4 Bg7 3. Nf3 d6 4. Nc3 a6 5. a4 Nf6 6. h3 0-0 7. Be2 Nc6 8. 0-0 e5 9. dxe5 dxe5 10. Be3 Qe7 11. Nd5 Nxd5 12. exd5 Nd4 13. Nxd4 exd4 14. Bf4 Re8 15. Bf3 Bf5 16. Rc1 Qc5 17. Qd2 Be4 18. Bxe4 Rxe4 19. a5 Rc8 20. Rfe1 Rxe1+ 21. Rxe1 Qxd5 22. Re7 Qd8 23. Qe2 Bf6 24. Re4 c5 25. Bh6 c4 26. Qf3 Bh8 27. Re2 Qd7 28. Qe4 Bf6 29. Qf4 Bh8 30. Qe4 Rd8 31. Bg5 f6 32. Bd2 f5 33. Qe7 Qxe7 34. Rxe7 d3 35. c3 Bf6 36. Rxb7 Re8 37. Be3 Be5 38. Kf1 f4 39. Bc5 Bd6 0-1

[Event "Aragon-chT Honor Gr I"]
[Site "Aragon"]
[Date "2021.05.01"]
[Round "6.9"]
[White "Dominguez Bujeda, Jesus"]
[Black "Forcen Esteban, Daniel"]
[Result "0-1"]
[WhiteElo "2086"]
[BlackElo "2558"]
[PlyCount "66"]
[EventDate "2021.03.13"]
[EventType "team-tourn"]
[EventRounds "7"]
[EventCountry "ESP"]
[SourceTitle "EXT 2024"]
[Source "ChessBase"]
[SourceDate "2023.10.10"]
[SourceVersion "1"]
[SourceVersionDate "2023.10.10"]
[SourceQuality "1"]
[WhiteTeam "Teruel"]
[BlackTeam "Jaime Casas"]
[WhiteTeamCountry "ESP"]
[BlackTeamCountry "ESP"]

1. d4 g6 2. e4 c6 3. Nf3 d5 4. exd5 cxd5 5. Bd3 Bg4 6. Nbd2 Nc6 7. c3 Qc7 8. h3 Bf5 9. Bxf5 gxf5 10. Nh4 e6 11. Qe2 Be7 12. Nhf3 Bd6 13. c4 Nf6 14. cxd5 Nxd5 15. Nc4 Bb4+ 16. Kf1 Rc8 17. a3 Be7 18. Ne3 Rd8 19. g3 Nf6 20. Bd2 Rg8 21. Rc1 Qd7 22. Bc3 Ne4 23. d5 exd5 24. Rd1 Qe6 25. Qb5 Nxg3+ 26. fxg3 Qxe3 27. Rd3 Qe4 28. Kf2 a6 29. Qxb7 Bc5+ 30. Nd4 Nxd4 31. Re3 Ne6 32. Rhe1 f4 33. Bf6 fxe3+ 0-1

[Event "Aragon-chT Honor Gr I"]
[Site "Aragon"]
[Date "2021.04.17"]
[Round "5.4"]
[White "Forcen Esteban, Daniel"]
[Black "Salamero Pelay, Fernando"]
[Result "1-0"]
[WhiteElo "2558"]
[BlackElo "2059"]
[PlyCount "57"]
[EventDate "2021.03.13"]
[EventType "team-tourn"]
[EventRounds "7"]
[EventCountry "ESP"]
[SourceTitle "EXT 2024"]
[Source "ChessBase"]
[SourceDate "2023.10.10"]
[SourceVersion "1"]
[SourceVersionDate "2023.10.10"]
[SourceQuality "1"]
[WhiteTeam "Jaime Casas"]
[BlackTeam "Huesca Club Atletismo"]
[WhiteTeamCountry "ESP"]
[BlackTeamCountry "ESP"]

1. d4 g6 2. e4 Bg7 3. Nc3 a6 4. f4 b5 5. Nf3 Bb7 6. Bd3 d6 7. 0-0 Nd7 8. e5 e6 9. Ne4 d5 10. Ned2 c5 11. dxc5 Nxc5 12. Nb3 Nxb3 13. axb3 h5 14. Be3 Nh6 15. h3 Bf8 16. Qd2 Rc8 17. b4 Be7 18. Nd4 Nf5 19. Bxf5 gxf5 20. c3 Bh4 21. Kh2 Rg8 22. Rf3 Qc7 23. Bf2 Bd8 24. Rg3 Rxg3 25. Bxg3 Qc4 26. Qd1 h4 27. Bf2 Bb6 28. Qh5 Qd3 29. Qh7 1-0

[Event "ESP-chT CECLUB Honor"]
[Site "Linares"]
[Date "2020.09.29"]
[Round "7.2"]
[White "Berkes, Ferenc"]
[Black "Forcen Esteban, Daniel"]
[Result "1-0"]
[WhiteElo "2661"]
[BlackElo "2556"]
[PlyCount "61"]
[EventDate "2020.09.23"]
[EventType "team-tourn"]
[EventRounds "7"]
[EventCountry "ESP"]
[SourceTitle "CBM 198 Extra"]
[Source "ChessBase"]
[SourceDate "2020.11.30"]
[SourceVersion "1"]
[SourceVersionDate "2020.11.30"]
[SourceQuality "1"]
[WhiteTeam "Beniajan Duochess CAC"]
[BlackTeam "Jaime Casas"]
[WhiteTeamCountry "ESP"]
[BlackTeamCountry "ESP"]

1. d4 d5 2. Nf3 Nf6 3. Bf4 c5 4. e3 Nc6 5. Nbd2 Qb6 6. dxc5 Qxb2 7. Rb1 Qc3 8. Bb5 e6 9. 0-0 Be7 10. e4 0-0 11. e5 Nd7 12. Nb3 Qb4 13. Nfd4 Nxd4 14. Nxd4 Qxc5 15. Re1 Rd8 16. h4 Bxh4 17. Rb3 Nf8 18. Rh3 Be7 19. Bd3 g6 20. Nf3 Bd7 21. Bg5 Bxg5 22. Nxg5 Qb4 23. Ree3 Qf4 24. Rhg3 Qh4 25. Qf3 Be8 26. Bb5 Bxb5 27. Qxf7+ Kh8 28. Qf6+ Kg8 29. Rh3 Qxh3 30. Rxh3 Rd7 31. Rf3 1-0

[Event "ESP-chT CECLUB Honor"]
[Site "Linares"]
[Date "2020.09.28"]
[Round "6.4"]
[White "Forcen Esteban, Daniel"]
[Black "Suarez Uriel, Adrian"]
[Result "1-0"]
[WhiteElo "2556"]
[BlackElo "2341"]
[PlyCount "49"]
[EventDate "2020.09.23"]
[EventType "team-tourn"]
[EventRounds "7"]
[EventCountry "ESP"]
[SourceTitle "CBM 198 Extra"]
[Source "ChessBase"]
[SourceDate "2020.11.30"]
[SourceVersion "1"]
[SourceVersionDate "2020.11.30"]
[SourceQuality "1"]
[WhiteTeam "Jaime Casas"]
[BlackTeam "Collado Villalba"]
[WhiteTeamCountry "ESP"]
[BlackTeamCountry "ESP"]

1. d4 Nf6 2. c4 g6 3. f3 e6 4. e4 d5 5. cxd5 exd5 6. e5 Nh5 7. Be3 c5 8. Nc3 cxd4 9. Qxd4 Nc6 10. Qxd5 Be6 11. Qxd8+ Rxd8 12. Bb5 Bb4 13. Nge2 0-0 14. Bxc6 bxc6 15. Kf2 f6 16. g4 Ng7 17. exf6 Ne8 18. g5 Nd6 19. a3 Ba5 20. Bxa7 Nc4 21. b4 Bc7 22. Nd4 Bh3 23. Nce2 h6 24. Rhc1 Ne5 25. Nf4 1-0

[Event "Titled Tuesday intern op 25th Aug"]
[Site "Chess.com INT"]
[Date "2020.08.25"]
[Round "3"]
[White "Matlakov, Maxim"]
[Black "Forcen Esteban, Daniel"]
[Result "1-0"]
[WhiteElo "2685"]
[BlackElo "2556"]
[PlyCount "76"]
[EventDate "2020.08.25"]
[EventType "swiss (blitz)"]
[EventRounds "10"]
[EventCountry "USA"]
[SourceTitle "CBM 198 Extra"]
[Source "ChessBase"]
[SourceDate "2020.11.30"]
[SourceVersion "1"]
[SourceVersionDate "2020.11.30"]
[SourceQuality "1"]

1. d4 Nf6 2. Nf3 g6 3. g3 Bg7 4. Bg2 0-0 5. 0-0 d6 6. Re1 Nc6 7. d5 Ne5 8. Nxe5 dxe5 9. c4 e6 10. Nc3 exd5 11. cxd5 Ne8 12. e4 Nd6 13. Be3 f5 14. exf5 gxf5 15. Rc1 b6 16. f4 e4 17. Bd4 Qd7 18. Bf1 Bb7 19. Qd2 Rad8 20. Rc2 Rfe8 21. a3 a6 22. Rec1 Qe7 23. Bxg7 Qxg7 24. Nd1 Re7 25. Ne3 Qf7 26. Be2 h5 27. h4 Kh7 28. Kh2 Kh6 29. Qd4 Rg8 30. Rg1 Qg7 31. Qb4 Qf6 32. Qc3 Qf8 33. a4 Qd8 34. Qf6+ Rg6 35. Nxf5+ Nxf5 36. Qxf5 Qxd5 37. Qf8+ Reg7 38. f5 Rd6 1-0

[Event "Iberoamericano Chess24"]
[Site "chess24.com INT"]
[Date "2020.06.16"]
[Round "2.5"]
[White "Bruzon Batista, Lazaro"]
[Black "Forcen Esteban, Daniel"]
[Result "1-0"]
[WhiteElo "2644"]
[BlackElo "2552"]
[PlyCount "67"]
[EventDate "2020.06.01"]
[EventType "k.o. (blitz)"]
[EventRounds "6"]
[EventCountry "ESP"]
[SourceTitle "CBM 197 Extra"]
[Source "ChessBase"]
[SourceDate "2020.09.30"]
[SourceVersion "1"]
[SourceVersionDate "2020.09.30"]
[SourceQuality "1"]

1. d4 c5 2. c3 Nf6 3. Nf3 e6 4. Bg5 h6 5. Bh4 b6 6. e3 Bb7 7. Nbd2 Be7 8. Bd3 d5 9. 0-0 Ne4 10. Bxe7 Qxe7 11. Bb5+ Kf8 12. Ne5 a6 13. Ba4 b5 14. Bc2 Nxd2 15. Qxd2 Nd7 16. f4 Nf6 17. f5 exf5 18. Rxf5 Bc8 19. Rf4 Be6 20. Raf1 Ke8 21. a4 c4 22. Ra1 Qb7 23. Qf2 Ke7 24. Rf1 Rhf8 25. h3 Rab8 26. Qg3 Nh5 27. Qh4+ g5 28. Qxh5 gxf4 29. exf4 bxa4 30. f5 Bd7 31. Re1 Kd6 32. Qxh6+ f6 33. Nxd7 Kxd7 34. Bxa4+ 1-0

[Event "Iberoamericano Chess24"]
[Site "chess24.com INT"]
[Date "2020.06.01"]
[Round "1.1"]
[White "Forcen Esteban, Daniel"]
[Black "Martinez Duany, Lelys Stanley"]
[Result "1-0"]
[WhiteElo "2552"]
[BlackElo "2524"]
[PlyCount "71"]
[EventDate "2020.06.01"]
[EventType "k.o. (blitz)"]
[EventRounds "6"]
[EventCountry "ESP"]
[SourceTitle "CBM 197 Extra"]
[Source "ChessBase"]
[SourceDate "2020.09.30"]
[SourceVersion "1"]
[SourceVersionDate "2020.09.30"]
[SourceQuality "1"]

1. d4 Nf6 2. c4 g6 3. Nc3 Bg7 4. e4 d6 5. Nge2 c5 6. d5 0-0 7. Ng3 e6 8. Be2 a6 9. 0-0 exd5 10. exd5 Re8 11. Bf4 Qc7 12. Re1 Nfd7 13. Qd2 Ne5 14. Bf1 f5 15. Bh6 Rf8 16. Bxg7 Qxg7 17. f4 Ng4 18. h3 Nf6 19. Rab1 Bd7 20. b4 cxb4 21. Rxb4 Bc8 22. Na4 Nbd7 23. Re6 Nc5 24. Rxd6 Qc7 25. Rxf6 Rxf6 26. Qd4 Nxa4 27. Rxa4 Rf7 28. Rb4 a5 29. Rb6 Bd7 30. d6 Qd8 31. Rxb7 Be6 32. Rxf7 Bxf7 33. c5 Rb8 34. c6 Qb6 35. Qxb6 Rxb6 36. d7 1-0